000
00340nam a2200145Ia 4500
005
20250423101440.0
008
250422s9999 xx 000 0 und d
020
_a
0- 7607- 0880- 0
100
_a
Priscilla Berthiaume
245
4
_a
The states of the union
260
_b
Dove tail books
260
_c
1998
300
_a
64 p
942
_c
BK
999
_c
36332
_d
36332